| 000 | 01700nam0a2200349 4500 | ||
|---|---|---|---|
| 001 | RU\NLR\bibl\609432 | ||
| 005 | 20260407073837.0 | ||
| 010 |
_a5-98534-040-6 _93000 |
||
| 021 |
_aRU _b2004-74307 _93667 |
||
| 035 | _a(NLR Aleph) 000601334 | ||
| 090 |
_a1772935 _c1772935 |
||
| 100 | _a20050211d2004 |||y0rusy50 ca | ||
| 101 | 0 | _arus | |
| 102 | _aRU | ||
| 105 | _ay ||||||||| | ||
| 200 | 1 |
_aКомментарий к Федеральному закону Об общих принципах организации местного самоуправления в Российской Федерации _e(постатейный) _f[Велиева Д.С., к.ю.н., доц. и др.] |
|
| 210 |
_aМ. _cОсь-89 _d2004 |
||
| 215 |
_a303 с. _d20 |
||
| 225 | 1 | _aКомментарий | |
| 320 | _aАлф. указ.: с. 297-299 | ||
| 606 | 0 |
_aМестное самоуправление _jЗаконы, постановления и т.п. _jКомментарии _yРоссийская Федерация _92077686 _3RU\NLR\auth\661253368 |
|
| 606 | 0 |
_aМестное самоуправление _jЗаконодательные материалы _jКомментарии _yРоссийская Федерация _92077686 _3RU\NLR\auth\661253368 |
|
| 686 | _aХ621.011.29(2Р)-32 | ||
| 702 | 1 |
_4220 _7ca _8rus _aВелиева _bД. С. кызы _gДжамила Сейфаддин кызы _924761 _3RU\NLR\auth\7741813 |
|
| 741 | 1 |
_aРоссийская Федерация _tЗаконы _9277893 _3RU\NLR\AUTH\883331 |
|
| 801 | 0 |
_aRU _bNLR _c20050211 _grcr |
|
| 801 | 1 |
_aRU _bNLR _c20050211 |
|
| 830 | _aсост. по ЭК | ||
| 942 | _cBOOK | ||
| 980 | _aNB | ||